Shailene Woodley Movies Quiz Stats

Quiz Updated Jul 15, 2017

Also try: Jim Carrey Movies
Challenge
Share
Tweet
Embed
Score 0/9 Timer 02:00
0 Plays Today
Character Film % Correct
Beatrice ‘Tris’ PriorDivergent
95.7%
Beatrice ‘Tris’ PriorThe Divergent Series: Insurgent
88.5%
Hazel Grace LancasterThe Fault in Our Stars
87.2%
Beatrice ‘Tris’ PriorThe Divergent Series: Allegiant
70.1%
Alexandra ‘Alex’ KingThe Descendants
54.5%
Aimee FineckyThe Spectacular Now
40.3%
Lindsay MillsSnowden
32.1%
Katrina ‘Kat’ ConnorsWhite Bird in a Blizzard
22.7%
Ashley HedgesMoola
10%

You're not logged in!

Compare scores with friends on all Sporcle quizzes.
Sign Up with Email
OR
Log In

You Might Also Like...

Show Comments

Extras

Top Quizzes Today


Score Distribution

Your Account Isn't Verified!

In order to create a playlist on Sporcle, you need to verify the email address you used during registration. Go to your Sporcle Settings to finish the process.